[Event "Joao Pessoa Fischer Memorial 7th"]
[Site "Joao Pessoa"]
[Date "2016.03.13"]
[Round "5"]
[White "Araujo, Sergio Murilo"]
[Black "De Araujo, Marco Antonio Sena"]
[Result "1-0"]
[WhiteElo "2087"]
[BlackElo "1791"]
[PlyCount "51"]
[EventDate "2016.03.11"]
[EventType "swiss"]
[EventRounds "6"]
[EventCountry "BRA"]
[SourceTitle "CBM 171 Extra"]
[Source "ChessBase"]
[SourceDate "2016.04.26"]
[SourceVersion "1"]
[SourceVersionDate "2016.04.26"]
[SourceQuality "1"]

1. c4 Nf6 2. Nc3 e6 3. e4 d5 4. e5 Nfd7 5. d4 dxc4 6. Bxc4 c5 7. Nf3 Nc6 8. d5 Ncxe5 9. dxe6 Nxc4 10. exf7+ Kxf7 11. Qd5+ Ke8 12. Qxc4 Nb6 13. Qe2+ Be7 14. Ne4 Kf7 15. Bg5 Qe8 16. Rd1 Kf8 17. Bf4 h6 18. Ne5 Kg8 19. 0-0 Bf5 20. Rfe1 Rd8 21. Rxd8 Qxd8 22. Ng3 Bg5 23. Nxf5 Bxf4 24. Ng6 Qd7 25. Qe8+ Kh7 26. Nf8+ 1-0

[Event "Florianopolis op 2nd"]
[Site "Florianopolis"]
[Date "2016.01.19"]
[Round "5"]
[White "Petrenko, Willy"]
[Black "De Araujo, Marco Antonio Sena"]
[Result "1/2-1/2"]
[WhiteElo "1990"]
[BlackElo "1758"]
[PlyCount "73"]
[EventDate "2016.01.16"]
[EventType "swiss"]
[EventRounds "10"]
[EventCountry "BRA"]
[SourceTitle "CBM 170 Extra"]
[Source "ChessBase"]
[SourceDate "2016.02.25"]
[SourceVersion "1"]
[SourceVersionDate "2016.02.25"]
[SourceQuality "1"]

1. e4 e6 2. Nf3 d5 3. exd5 exd5 4. d4 Nf6 5. Be2 Bd6 6. Nc3 c6 7. h3 h6 8. Be3 Bf5 9. Qd2 Nbd7 10. a3 Qc7 11. 0-0-0 0-0-0 12. Nh4 Bh7 13. f4 Rde8 14. Nf3 Rxe3 15. Ne5 Nxe5 16. fxe5 Bxe5 17. dxe5 Qxe5 18. Bf3 Kb8 19. Rhf1 Re8 20. Kb1 Bg6 21. Na4 Qd6 22. Qd4 Qe5 23. Qb4 Qe7 24. Qf4+ Qc7 25. Qd4 Qa5 26. Nc3 Qb6 27. Qf4+ Qc7 28. Qa4 Qg3 29. Qb4 Nd7 30. Qd4 Qe5 31. Qb4 Nb6 32. a4 Qe7 33. Qd4 c5 34. Qf4+ Qc7 35. Qxc7+ Kxc7 36. a5 Nc4 37. Nxd5+ 1/2-1/2

[Event "Florianopolis op 2nd"]
[Site "Florianopolis"]
[Date "2016.01.18"]
[Round "4"]
[White "Do Valle Cardoso, Lucas"]
[Black "De Araujo, Marco Antonio Sena"]
[Result "0-1"]
[WhiteElo "1446"]
[BlackElo "1758"]
[PlyCount "22"]
[EventDate "2016.01.16"]
[EventType "swiss"]
[EventRounds "10"]
[EventCountry "BRA"]
[SourceTitle "CBM 170 Extra"]
[Source "ChessBase"]
[SourceDate "2016.02.25"]
[SourceVersion "1"]
[SourceVersionDate "2016.02.25"]
[SourceQuality "1"]

1. e4 e6 2. d4 d5 3. exd5 exd5 4. Nf3 Bd6 5. Bd3 Nf6 6. 0-0 0-0 7. Re1 c6 8. Nc3 Nbd7 9. Be3 Re8 10. Qd2 Ne4 11. Bxe4 dxe4 0-1

[Event "Florianopolis op 2nd"]
[Site "Florianopolis"]
[Date "2016.01.16"]
[Round "1"]
[White "De Araujo, Marco Antonio Sena"]
[Black "Cruz, William Ferreira Da"]
[Result "0-1"]
[WhiteElo "1758"]
[BlackElo "2274"]
[PlyCount "42"]
[EventDate "2016.01.16"]
[EventType "swiss"]
[EventRounds "10"]
[EventCountry "BRA"]
[SourceTitle "CBM 170 Extra"]
[Source "ChessBase"]
[SourceDate "2016.02.25"]
[SourceVersion "1"]
[SourceVersionDate "2016.02.25"]
[SourceQuality "1"]

1. d4 Nf6 2. c4 g6 3. Nc3 Bg7 4. e4 d6 5. f3 0-0 6. Bg5 c5 7. d5 e6 8. Qd2 exd5 9. Nxd5 Be6 10. Bd3 Nc6 11. Ne2 Ne5 12. Nec3 h6 13. Be3 Nxd5 14. exd5 Nxd3+ 15. Qxd3 Bf5 16. Ne4 Qe7 17. Bf4 Bxb2 18. Rb1 Bd4 19. Rb3 Bxe4 20. Qxe4 Qf6 21. Bxh6 Rfe8 0-1

[Event "Pan American Amateur-ch"]
[Site "Curitiba"]
[Date "2015.12.18"]
[Round "5"]
[White "Barbosa, Jefferson Lucas Mun"]
[Black "De Araujo, Marco Antonio Sena"]
[Result "1-0"]
[WhiteElo "1925"]
[BlackElo "1829"]
[PlyCount "89"]
[EventDate "2015.12.16"]
[EventType "swiss"]
[EventRounds "9"]
[EventCountry "BRA"]
[SourceTitle "CBM 170 Extra"]
[Source "ChessBase"]
[SourceDate "2016.02.25"]
[SourceVersion "1"]
[SourceVersionDate "2016.02.25"]
[SourceQuality "1"]

1. e4 e6 2. d4 d5 3. Nc3 Bb4 4. Nge2 dxe4 5. a3 Bxc3+ 6. Nxc3 Nf6 7. Bg5 Nbd7 8. Nxe4 h6 9. Nxf6+ Nxf6 10. Be3 Bd7 11. Qf3 Bc6 12. Qg3 g6 13. 0-0-0 Nd5 14. Bd2 Qd6 15. c4 Nf6 16. Bf4 Qe7 17. Qc3 0-0-0 18. f3 Nh5 19. Be3 a6 20. Bd3 g5 21. Rhe1 Qf6 22. Bf1 Rhe8 23. Bf2 Nf4 24. b4 Qf5 25. Re5 Qf6 26. Kb2 Ng6 27. Ra5 Nf4 28. Rc1 Qe7 29. g3 Nd5 30. cxd5 Bxd5 31. b5 Rd6 32. bxa6 Rb6+ 33. Rb5 Rxa6 34. Rc5 Rb6+ 35. Ka1 c6 36. Bc4 g4 37. Qe3 Qf8 38. Be1 Bxc4 39. R5xc4 Qd6 40. Bb4 Qb8 41. d5 Qa8 42. Qxb6 exd5 43. Rxc6+ bxc6 44. Rxc6+ Kd7 45. Qc7# 1-0

[Event "Pan American Amateur-ch"]
[Site "Curitiba"]
[Date "2015.12.17"]
[Round "3"]
[White "Pedruzzi, Pedro Henrique"]
[Black "De Araujo, Marco Antonio Sena"]
[Result "1/2-1/2"]
[WhiteElo "1949"]
[BlackElo "1829"]
[PlyCount "90"]
[EventDate "2015.12.16"]
[EventType "swiss"]
[EventRounds "9"]
[EventCountry "BRA"]
[SourceTitle "CBM 170 Extra"]
[Source "ChessBase"]
[SourceDate "2016.02.25"]
[SourceVersion "1"]
[SourceVersionDate "2016.02.25"]
[SourceQuality "1"]

1. e4 e6 2. Nf3 d5 3. Nc3 Nf6 4. d3 dxe4 5. Nxe4 Nxe4 6. dxe4 Qxd1+ 7. Kxd1 Bc5 8. Ke1 0-0 9. Bf4 Bb6 10. Rd1 Bd7 11. Ne5 Bc6 12. f3 f6 13. Nxc6 Nxc6 14. Bc4 Rfe8 15. Bb5 e5 16. Bxc6 bxc6 17. Bc1 Bd4 18. Ke2 Rab8 19. c3 Bc5 20. Rd7 Bd6 21. h4 g6 22. g4 Re7 23. Rxe7 Bxe7 24. Rd1 Bd6 25. Kd3 Kf7 26. Kc4 Ke6 27. Rh1 Rg8 28. Rg1 Rf8 29. h5 gxh5 30. gxh5 Rf7 31. Rg8 Bf8 32. Be3 a6 33. Bc5 Bh6 34. Re8+ Kd7 35. Ra8 f5 36. Kd3 fxe4+ 37. Kxe4 Rf4+ 38. Kxe5 Rxf3 39. a4 Rh3 40. b4 Rxh5+ 41. Ke4 Rh3 42. Bd4 Bd2 43. Rxa6 Bxc3 44. Bxc3 Rxc3 45. Kd4 Ra3 1/2-1/2

[Event "South America-ch U14 12th"]
[Site "Santa Cruz"]
[Date "2015.12.06"]
[Round "8"]
[White "De Araujo, Marco Antonio Sena"]
[Black "Romero, Sebastian Peru"]
[Result "1-0"]
[WhiteElo "1829"]
[BlackElo "1613"]
[PlyCount "53"]
[EventDate "2015.12.02"]
[EventType "swiss"]
[EventRounds "9"]
[EventCountry "BOL"]
[SourceTitle "CBM 170 Extra"]
[Source "ChessBase"]
[SourceDate "2016.02.25"]
[SourceVersion "1"]
[SourceVersionDate "2016.02.25"]
[SourceQuality "1"]

1. d4 e6 2. c4 b6 3. Nc3 Bb7 4. Nf3 Nf6 5. h3 Ne4 6. Qc2 Nxc3 7. Qxc3 d6 8. g3 g6 9. d5 e5 10. e4 Bg7 11. Bg2 0-0 12. 0-0 h6 13. b4 Nd7 14. Rb1 Ba6 15. Re1 Qe7 16. Be3 f5 17. Nh4 Kh7 18. exf5 gxf5 19. Nxf5 Qf6 20. Nxg7 Qxg7 21. c5 bxc5 22. bxc5 Nf6 23. cxd6 cxd6 24. Qc6 Bd3 25. Rb7 Rf7 26. Rxf7 Qxf7 27. Qxa8 1-0

[Event "Natal Academia Potiguar 17th"]
[Site "Natal"]
[Date "2015.11.13"]
[Round "1.1"]
[White "De Araujo, Marco Antonio Sena"]
[Black "Lacerda, Gabriel Valero Bell"]
[Result "1-0"]
[WhiteElo "1637"]
[BlackElo "1755"]
[PlyCount "57"]
[EventDate "2015.11.13"]
[EventType "tourn"]
[EventRounds "9"]
[EventCountry "BRA"]
[SourceTitle "EXT 2022"]
[Source "ChessBase"]
[SourceDate "2021.10.06"]
[SourceVersion "1"]
[SourceVersionDate "2021.10.06"]
[SourceQuality "1"]

1. d4 Nf6 2. c4 g6 3. Nc3 Bg7 4. e4 d6 5. f3 Nbd7 6. Bg5 c5 7. d5 0-0 8. Qd2 a6 9. Be2 Ne8 10. g4 Nc7 11. h4 Rb8 12. a4 Bxc3 13. Qxc3 f6 14. Bh6 Rf7 15. Nh3 b5 16. axb5 axb5 17. cxb5 Nxb5 18. Bxb5 Rxb5 19. h5 Ne5 20. hxg6 hxg6 21. Ra8 Rh7 22. Nf4 Nf7 23. Ne6 Qd7 24. Nf8 Qb7 25. Rxc8 Qxc8 26. Nxh7 Kxh7 27. Bf8+ Kg8 28. Bxe7 f5 29. Qf6 1-0

[Event "Pan American-ch U14"]
[Site "Cali"]
[Date "2015.06.30"]
[Round "4"]
[White "Fonseca Medina, Diego"]
[Black "De Araujo, Marco Antonio Sena"]
[Result "1-0"]
[WhiteElo "1494"]
[BlackElo "1661"]
[PlyCount "51"]
[EventDate "2015.06.28"]
[EventType "swiss"]
[EventRounds "9"]
[EventCountry "COL"]
[SourceTitle "EXT 2016"]
[Source "ChessBase"]
[SourceDate "2015.10.08"]
[SourceVersion "1"]
[SourceVersionDate "2015.10.08"]
[SourceQuality "1"]

1. c4 e6 2. Nc3 Nf6 3. Nf3 d5 4. cxd5 exd5 5. d4 c6 6. g3 Bd6 7. Bg2 0-0 8. 0-0 h6 9. Bf4 Bxf4 10. gxf4 Nbd7 11. Kh1 Re8 12. Ne5 Nxe5 13. fxe5 Nd7 14. Rg1 Nf8 15. e4 dxe4 16. Nxe4 Ng6 17. Nd6 Rf8 18. Be4 Qh4 19. Rg3 Be6 20. f3 Nh8 21. d5 cxd5 22. Bxd5 Bxd5 23. Rxg7+ Kxg7 24. Nf5+ Kh7 25. Nxh4 Ng6 26. Nxg6 1-0

[Event "Joao Pessoa op 6th"]
[Site "Joao Pessoa"]
[Date "2015.03.14"]
[Round "3"]
[White "De Araujo, Marco Antonio Sena"]
[Black "Oliveira Jr, Antonio Fernandes"]
[Result "0-1"]
[WhiteElo "1552"]
[BlackElo "1840"]
[PlyCount "56"]
[EventDate "2015.03.13"]
[EventType "swiss"]
[EventRounds "6"]
[EventCountry "BRA"]
[SourceTitle "CBM 165 Extra"]
[Source "ChessBase"]
[SourceDate "2015.04.21"]
[SourceVersion "1"]
[SourceVersionDate "2015.04.21"]
[SourceQuality "1"]

1. d4 Nf6 2. c4 g6 3. Nc3 Bg7 4. e4 d6 5. f3 0-0 6. Bg5 Nc6 7. Nge2 a6 8. Qd2 Rb8 9. a3 b5 10. cxb5 axb5 11. d5 Na5 12. Qd1 h6 13. Bd2 Nc4 14. Nd4 Bd7 15. b3 Nxd2 16. Qxd2 b4 17. axb4 e6 18. Bc4 exd5 19. Nxd5 Nxd5 20. Bxd5 c5 21. Ra6 Bxd4 22. Rxd6 Rb6 23. bxc5 Bxc5 24. Rxb6 Qxb6 25. Qd3 Bb5 26. Bc4 Rd8 27. Qc2 Bb4+ 28. Kf1 Rd2 0-1

[Event "Recife Regiao op"]
[Site "Recife"]
[Date "2014.10.31"]
[Round "3"]
[White "Aguiar, Jarbas Souza"]
[Black "De Araujo, Marco Antonio Sena"]
[Result "1-0"]
[WhiteElo "1748"]
[BlackElo "1377"]
[PlyCount "57"]
[EventDate "2014.10.30"]
[EventType "swiss"]
[EventRounds "7"]
[EventCountry "BRA"]
[SourceTitle "EXT 2015"]
[Source "ChessBase"]
[SourceDate "2014.11.20"]
[SourceVersion "1"]
[SourceVersionDate "2014.11.20"]
[SourceQuality "1"]

1. d4 e6 2. c4 f5 3. Nc3 Nf6 4. Bg5 Be7 5. Nf3 h6 6. Bxf6 Bxf6 7. e4 fxe4 8. Nxe4 0-0 9. Bd3 d5 10. cxd5 exd5 11. Nxf6+ Qxf6 12. 0-0 Bg4 13. Be2 Nc6 14. Rc1 Rae8 15. h3 Bh5 16. Rc3 Qe6 17. Re3 Qd7 18. Ne5 Nxe5 19. Bxh5 Nf7 20. Qf3 Ng5 21. Qd1 Rxe3 22. fxe3 Rxf1+ 23. Qxf1 Qe7 24. Qf4 Ne4 25. Bf3 Nf6 26. Kf2 Kh7 27. Bxd5 g6 28. Bb3 Ne4+ 29. Ke2 1-0

[Event "Recife Regiao op"]
[Site "Recife"]
[Date "2014.10.30"]
[Round "1"]
[White "Monteiro Neto, Cesidio Rocha"]
[Black "De Araujo, Marco Antonio Sena"]
[Result "1-0"]
[WhiteElo "2051"]
[BlackElo "1377"]
[PlyCount "41"]
[EventDate "2014.10.30"]
[EventType "swiss"]
[EventRounds "7"]
[EventCountry "BRA"]
[SourceTitle "EXT 2015"]
[Source "ChessBase"]
[SourceDate "2014.11.20"]
[SourceVersion "1"]
[SourceVersionDate "2014.11.20"]
[SourceQuality "1"]

1. e4 e6 2. d4 d5 3. Nd2 Nf6 4. Bd3 Nc6 5. Ngf3 dxe4 6. Nxe4 Nxe4 7. Bxe4 Bd7 8. 0-0 Be7 9. Bf4 0-0 10. c3 Na5 11. Re1 Bc6 12. Qe2 Bd6 13. Ne5 Qf6 14. Qd3 g6 15. Bh6 Rfe8 16. b4 Qh4 17. Bd2 f6 18. g3 Qh3 19. Nxc6 Nxc6 20. Qf3 Kg7 21. Re3 1-0

[Event "Natal Potiguar op 4th"]
[Site "Natal"]
[Date "2014.07.25"]
[Round "1"]
[White "Camara, Jose Arruda"]
[Black "De Araujo, Marco Antonio Sena"]
[Result "1-0"]
[WhiteElo "1905"]
[BlackElo "1391"]
[PlyCount "87"]
[EventDate "2014.07.25"]
[EventType "swiss"]
[EventRounds "5"]
[EventCountry "BRA"]
[SourceTitle "EXT 2015"]
[Source "ChessBase"]
[SourceDate "2014.11.20"]
[SourceVersion "1"]
[SourceVersionDate "2014.11.20"]
[SourceQuality "1"]

1. e4 e6 2. d4 d5 3. e5 c5 4. c3 Nc6 5. Nf3 Qb6 6. Be2 Nge7 7. 0-0 Nf5 8. dxc5 Bxc5 9. Nbd2 Qc7 10. Nb3 Be7 11. Re1 0-0 12. Bd3 Nh4 13. Nxh4 Bxh4 14. Qh5 Bxf2+ 15. Kxf2 g6 16. Qe2 f6 17. exf6 Rxf6+ 18. Kg1 Qf7 19. Bg5 Rf5 20. Bxf5 Qxf5 21. Bh6 Bd7 22. Nc5 e5 23. Rf1 Qg4 24. Qxg4 Bxg4 25. h3 Bf5 26. g4 b6 27. gxf5 bxc5 28. f6 Kf7 29. Rad1 Rd8 30. Be3 d4 31. cxd4 cxd4 32. Bg5 Rd5 33. Rc1 Rd6 34. b4 a6 35. a4 Nb8 36. Rc7+ Nd7 37. b5 axb5 38. axb5 d3 39. b6 Ke6 40. Rxd7 Rxd7 41. f7 Rxf7 42. Rxf7 Kxf7 43. b7 d2 44. Bxd2 1-0

[Event "BRA-ch Amateur"]
[Site "Sao Paulo"]
[Date "2014.03.03"]
[Round "6"]
[White "De Araujo, Marco Antonio Sena"]
[Black "Krongold, Breno"]
[Result "0-1"]
[WhiteElo "1359"]
[BlackElo "1653"]
[PlyCount "50"]
[EventDate "2014.03.01"]
[EventType "swiss"]
[EventRounds "7"]
[EventCountry "BRA"]
[SourceTitle "EXT 2016"]
[Source "ChessBase"]
[SourceDate "2015.10.08"]
[SourceVersion "1"]
[SourceVersionDate "2015.10.08"]
[SourceQuality "1"]

1. d4 d5 2. Nf3 Nc6 3. c3 e5 4. Nxe5 Nxe5 5. dxe5 Bc5 6. e3 c6 7. Nd2 Ne7 8. Nf3 0-0 9. Bd3 Re8 10. 0-0 Ng6 11. Qc2 Bg4 12. Nd4 Rxe5 13. f4 Rh5 14. Be2 Qh4 15. h3 Bxe2 16. Qxe2 Bxd4 17. cxd4 Re8 18. Qf2 f5 19. Qxh4 Rxh4 20. Bd2 Ne7 21. Rac1 Nc8 22. b3 Nd6 23. Rcd1 Ne4 24. Rfe1 Re6 25. Kh2 Nf2 0-1

[Event "BRA-ch Amateur"]
[Site "Sao Paulo"]
[Date "2014.03.02"]
[Round "4"]
[White "De Araujo, Marco Antonio Sena"]
[Black "De Assis, Rubens Mesquita"]
[Result "1/2-1/2"]
[WhiteElo "1359"]
[BlackElo "1807"]
[PlyCount "124"]
[EventDate "2014.03.01"]
[EventType "swiss"]
[EventRounds "7"]
[EventCountry "BRA"]
[SourceTitle "EXT 2016"]
[Source "ChessBase"]
[SourceDate "2015.10.08"]
[SourceVersion "1"]
[SourceVersionDate "2015.10.08"]
[SourceQuality "1"]

1. d4 Nf6 2. Nf3 e6 3. e3 c5 4. Bd3 cxd4 5. exd4 d6 6. 0-0 Nbd7 7. Re1 Be7 8. c3 0-0 9. Bg5 Nd5 10. Bxe7 Qxe7 11. Nbd2 N7f6 12. Ne4 Nxe4 13. Bxe4 Nf6 14. Bc2 Qc7 15. Qd2 Bd7 16. h3 Bc6 17. Bd1 Rad8 18. Qd3 e5 19. Qc2 exd4 20. cxd4 Qb6 21. Qb3 Qxb3 22. axb3 a6 23. Nd2 Rfe8 24. Bf3 Bxf3 25. Nxf3 Nd5 26. Rac1 h6 27. Kf1 Rxe1+ 28. Rxe1 Rc8 29. Nd2 Rc2 30. Nc4 b5 31. Nxd6 Rxb2 32. Re8+ Kh7 33. Nxf7 Rxb3 34. Ra8 Nf4 35. f3 Ra3 36. Nd6 b4 37. Nc4 Ra2 38. Rb8 h5 39. Kg1 Ne2+ 40. Kh2 h4 41. Rxb4 Ra1 42. Nd2 Ng3 43. Rb1 Rxb1 44. Nxb1 Kg6 45. Nc3 a5 46. Kg1 Kf5 47. Kf2 Ke6 48. Ke3 g5 49. Kd3 Nf1 50. Ne4 Kf5 51. d5 a4 52. d6 Ke6 53. Nc5+ Kxd6 54. Nxa4 Ng3 55. Nc3 Ke5 56. Ne4 Kf4 57. Nf2 Nf5 58. Ne4 Ne3 59. g3+ hxg3 60. Nxg3 Kxg3 61. Kxe3 Kxh3 62. Kf2 g4 1/2-1/2

[Event "Natal op"]
[Site "Natal"]
[Date "2013.09.08"]
[Round "5"]
[White "De Araujo, Marco Antonio Sena"]
[Black "Monte, Edmar Ferreira"]
[Result "0-1"]
[WhiteElo "1698"]
[BlackElo "1703"]
[PlyCount "68"]
[EventDate "2013.09.06"]
[EventType "swiss"]
[EventRounds "6"]
[EventCountry "BRA"]
[SourceTitle "EXT 2016"]
[Source "ChessBase"]
[SourceDate "2015.10.08"]
[SourceVersion "1"]
[SourceVersionDate "2015.10.08"]
[SourceQuality "1"]

1. d4 d5 2. Nf3 Nf6 3. e3 e6 4. Bd3 c5 5. c3 Nc6 6. Nbd2 Bd7 7. 0-0 Bd6 8. e4 dxe4 9. Nxe4 Nxe4 10. Bxe4 h6 11. Re1 0-0 12. dxc5 Bxc5 13. Bxc6 Bxc6 14. Ne5 Qb6 15. Qe2 Rad8 16. Qf1 Bb5 17. c4 Ba4 18. b3 Be8 19. Be3 f6 20. Bxc5 Qxc5 21. Nf3 e5 22. Rac1 b5 23. Red1 Bc6 24. Qe2 b4 25. h3 e4 26. Ne1 Rfe8 27. Nc2 a5 28. Qe3 Qh5 29. g4 Qg6 30. Nd4 Ba8 31. Nb5 Rd3 32. Qe1 Red8 33. Rxd3 Rxd3 34. Rd1 Rxh3 0-1

[Event "Joao Pessoa op 08"]
[Site "Joao Pessoa"]
[Date "2013.08.04"]
[Round "5"]
[White "De Araujo, Marco Antonio Sena"]
[Black "De Moura Filho, Eny Nobrega"]
[Result "0-1"]
[WhiteElo "1739"]
[BlackElo "1666"]
[PlyCount "52"]
[EventDate "2013.08.02"]
[EventType "swiss"]
[EventRounds "6"]
[EventCountry "BRA"]
[SourceTitle "CBM 155 Extra"]
[Source "ChessBase"]
[SourceDate "2013.08.26"]
[SourceVersion "1"]
[SourceVersionDate "2013.08.26"]
[SourceQuality "1"]

1. d4 Nf6 2. e3 e6 3. Bd3 d5 4. Nf3 Nc6 5. c3 Be7 6. 0-0 0-0 7. Nbd2 Qd6 8. Re1 e5 9. e4 Bg4 10. h3 Bh5 11. exd5 Nxd5 12. Qc2 g6 13. g4 Nf4 14. gxh5 Nxh3+ 15. Kf1 exd4 16. Ne4 Qd7 17. hxg6 fxg6 18. Qb3+ Kh8 19. Ke2 Nf4+ 20. Bxf4 Rxf4 21. Qd1 Raf8 22. Nfd2 Qg4+ 23. Kf1 Qh3+ 24. Ke2 Rxf2+ 25. Nxf2 Qe3+ 26. Kf1 Qxf2# 0-1

[Event "Joao Pessoa op 08"]
[Site "Joao Pessoa"]
[Date "2013.08.03"]
[Round "4"]
[White "Pinheiro, Ghabriel Alves"]
[Black "De Araujo, Marco Antonio Sena"]
[Result "1-0"]
[WhiteElo "1821"]
[BlackElo "1739"]
[PlyCount "49"]
[EventDate "2013.08.02"]
[EventType "swiss"]
[EventRounds "6"]
[EventCountry "BRA"]
[SourceTitle "CBM 155 Extra"]
[Source "ChessBase"]
[SourceDate "2013.08.26"]
[SourceVersion "1"]
[SourceVersionDate "2013.08.26"]
[SourceQuality "1"]

1. e4 c5 2. Nf3 Nc6 3. d4 cxd4 4. Nxd4 g6 5. Nc3 Bg7 6. Nxc6 bxc6 7. Bd2 Nf6 8. Qc1 0-0 9. Bh6 Bxh6 10. Qxh6 Rb8 11. 0-0-0 Qb6 12. b3 Qxf2 13. Be2 Qc5 14. Na4 Qa5 15. h4 Rd8 16. h5 g5 17. Rhf1 Rf8 18. Rf5 Qxf5 19. exf5 Ne4 20. Bd3 Nf2 21. Qxg5+ Kh8 22. Qxe7 Rg8 23. Qf6+ Rg7 24. h6 Nxd3+ 25. Rxd3 1-0

[Event "Natal Potiguar op"]
[Site "Natal"]
[Date "2013.07.07"]
[Round "5"]
[White "De Araujo, Marco Antonio Sena"]
[Black "Born, Ary"]
[Result "1-0"]
[WhiteElo "1739"]
[BlackElo "1461"]
[PlyCount "57"]
[EventDate "2013.07.05"]
[EventType "swiss"]
[EventRounds "6"]
[EventCountry "BRA"]
[SourceTitle "EXT 2014"]
[Source "ChessBase"]
[SourceDate "2013.11.20"]
[SourceVersion "1"]
[SourceVersionDate "2013.11.20"]
[SourceQuality "1"]

1. d4 Nf6 2. Nf3 d5 3. e3 e6 4. Bd3 c5 5. c3 c4 6. Bc2 Bd6 7. 0-0 Nc6 8. Nbd2 a5 9. Re1 Bb8 10. e4 0-0 11. e5 Ng4 12. h3 Nh6 13. Nf1 f5 14. Bxh6 gxh6 15. Qd2 f4 16. Qc1 Rf7 17. Qb1 Ne7 18. N1h2 Nf5 19. Ng4 Rg7 20. Bxf5 exf5 21. Nxh6+ Kh8 22. Nxf5 Bxf5 23. Qxf5 Qg8 24. Qf6 Ra6 25. e6 Bc7 26. Ng5 f3 27. Nf7+ Qxf7 28. exf7 Rxf6 29. Re8+ 1-0